01142nam a2200193Ia 4500001001000000003001000010008004100020040002500061041001300086100001200099245005900111250001100170260008500181300001200266500026000278501011400538520026000652650003600912L200-2546IT-CnALBA170116s9999||||xx |||||||||||||| ||und|| aIT-CnALBAcIT-CnALBA aITALIANO aAA. VV. 0aENCICLOPEDIA DELLE RELIGIONI. VOL. II. CERAM-GERMANI.  a1a ed. a FIRENZEbVALLECCHI A. - EDITORE c1970 [1° Ed.:1970 - Ed.Ling.Originale: 1970] a898 p.  aCOORDINATORE GENERALE GOZZINI MARIO. COMITATO SCIENTIFICO: DI NOLA, ADRIANI, CHIVACCI, MANNUCCI, OLIVIERI, VINAY. REDAZIONE: PINNA, BARBIERI, CAPACCIOLI, DE MARCO, GASPARRINI, GRASSI, RAFFO, ZANELLI. COLLABORATORI: MINISSALE, ROLLA, SCHULTZE, CHIAVACCI, P aSocietà San Paolo EM - Piazza San Paolo, 14 - 12051 ALBA (CN) (non commercial uses only) ® Copyright 2017 aCOORDINATORE GENERALE GOZZINI MARIO. COMITATO SCIENTIFICO: DI NOLA, ADRIANI, CHIVACCI, MANNUCCI, OLIVIERI, VINAY. REDAZIONE: PINNA, BARBIERI, CAPACCIOLI, DE MARCO, GASPARRINI, GRASSI, RAFFO, ZANELLI. COLLABORATORI: MINISSALE, ROLLA, SCHULTZE, CHIAVACCI, P aRELIGIONE - RELIGIONE CRISTIANA